000 00431nam a2200157Ia 4500
008 230917s9999||||xx |||||||||||||| ||und||
040 _e105753
_aMAIN
041 _aEnglish
082 _a320.917 24 S52U
100 _aSmith, B C
245 0 _aUnderstsnding third world politics: theories of political change and development
250 _a2nd ed.
260 _aNew York
_bMacmillan
_c2003
300 _axi,319p p.
942 _cBK
999 _c110705
_d110705